000 00338nam a2200145Ia 4500
003 OSt
005 20240229113435.0
008 170524s9999 xx 000 0 und d
020 _a978-9332548237
040 _cIIMT UNIVERSITY
100 _aChopra Sunil
245 0 _aSupply Chain Management
260 _aNew Delhi:PHI
942 _2ddc
_c01
999 _c3048
_d3048